| 000 | 02473nam a22003497a 4500 | ||
|---|---|---|---|
| 003 | BJBSDDR | ||
| 005 | 20260511162314.0 | ||
| 007 | ta | ||
| 008 | 260219s2024 fr ||||| |||| 00| 0 fre d | ||
| 020 | _a9791037512642 | ||
| 040 |
_beng _cDLC |
||
| 041 | _afre | ||
| 050 | 1 | 4 |
_aJK 31 _bS671e 2024 |
| 100 | 1 |
_aSnégaroff, Thomas _97162 |
|
| 245 |
_aÉtats-Unis : _banatomie d'une démocratie / _cThomas Snégaroff, Romain Huret ; cartes et infographies, Delphine Papin et Floriane Picard ; textes complémentaires, Lucie Rondeau du Noyer. |
||
| 260 |
_aParis : _bLes Arènes ; _bFrance inter, _c2024 |
||
| 300 |
_a138 pages, 3 pages non numérotées : _billustrations en couleur, cartes ; _c21 cm. |
||
| 490 | 0 | _a30 questions pour tout comprendre | |
| 500 | _a"30 questions pour tout comprendre ; Comprendre les enjeux démocratiques aux États-Unis, c'est voir où va le monde, Romain Huret"--Cover. | ||
| 504 | _aIncludes bibliographical references (page 141). | ||
| 505 | 0 | _aIntroduction 1. 1776, la peur de la démocratie 2. 1898, la tentation impériale 3. 1941, l'adieu à l'isolationnisme 4. 1968, une guerre civile culturelle 5. 2001, la démocratie brutalisée 6. 2021, la prise du Capitole Épilogue. | |
| 520 | _aDepuis une vingtaine d'années, aux États-Unis, les résultats des élections présidentielles sont systématiquement contestés. Chaque camp considère aujourd'hui que l'autre est un danger pour la démocratie, quitte à marcher sur le Capitole ou à assassiner un candidat pour la sauver. Prise en otage par les démagogues de tout poil, la démocratie américaine fait face à des défis inédits. Elle n'a jamais semblé si fragile. Risque-t-elle de s'effondrer? Que reste-t-il de cet idéal? Peut-elle, une fois encore, se réinventer? En 30 questions-réponses, Thomas Snégaroff et Romain Huret remontent aux fondements de la démocratie américaine et nous donnent les clés pour comprendre la situation actuelle. Un ouvrage clair et accessible, avec des cartes, des infographies et des textes de référence | ||
| 650 | 4 |
_aDemocracia _xHistoria _9627 |
|
| 651 | 4 |
_aEstados Unidos _xPolítica y gobierno _92191 |
|
| 700 | 1 |
_aHuret, Romain, _d1972- _947156 |
|
| 700 | 1 |
_aPapin, Delphine _947158 _ecartographer |
|
| 700 | 1 |
_aPicard, Floriane _948389 _ecartographer |
|
| 700 | 1 |
_aRondeau du Noyer, Lucie _948390 _econtributor |
|
| 830 | 0 |
_a30 questions pour tout comprendre _948388 |
|
| 942 |
_2lcc _cBK |
||
| 946 | _icmc | ||
| 999 |
_c126432 _d126432 |
||